| 000 | 00995nam0a2200301 4500 | ||
|---|---|---|---|
| 001 | RU\NLR\bibl\582460 | ||
| 005 | 20250610140008.0 | ||
| 010 |
_a5-17-026356-2 _bАСТ |
||
| 010 |
_a5-9578-1154-8 _bТранзиткнига _93000 |
||
| 021 |
_aRU _b2004-66475 _93278 |
||
| 035 | _a(NLR Aleph) 000574455 | ||
| 090 |
_a1613192 _c1613192 |
||
| 100 | _a20041210d2004 |||y0rusy50 ca | ||
| 101 | 1 |
_arus _ceng |
|
| 102 | _aRU | ||
| 105 | _ay ||||||||| | ||
| 200 | 1 |
_aКолыбельная _e[Роман] _fЧак Паланик _g[Пер. с англ. Т.Ю. Покидаевой] |
|
| 210 |
_aМ. _cАСТ _cТранзиткнига _d2004 |
||
| 215 |
_a285, [1] с. _d21 |
||
| 225 | 1 | _aАльтернатива | |
| 686 | _aШ6(7США)67-440.4{Лх1979-50} | ||
| 700 | 1 |
_4070 _7ca _8rus _aПаланик _bЧ. _f1962- _gЧак _9217774 _3RU\NLR\AUTH\770217830 |
|
| 801 | 0 |
_aRU _bNLR _c20041210 _gPSBO |
|
| 801 | 1 |
_aRU _bNLR _c20041210 |
|
| 942 | _cBOOK | ||
| 980 | _aNB | ||